书目信息 |
| 题名: |
人体形态学
|
|
| 作者: | 项涛 , 周瑞祥 主编 | |
| 分册: | ||
| 出版信息: | 北京 人民卫生出版社 2008.04 |
|
| 页数: | 17,398页 | |
| 开本: | 28cm | |
| 丛书名: | ||
| 单 册: | ||
| 中图分类: | R32 | |
| 科图分类: | ||
| 主题词: | 人体形态学--医学院校--教材 | |
| 电子资源: | ||
| ISBN: | 978-7-117-07809-2 | |
| 000 | 00869nam0 22002651 450 | |
| 001 | 003244021 | |
| 005 | 20111229105113.90 | |
| 010 | @a978-7-117-07809-2@dCNY59.00 | |
| 096 | @aR32@bxt | |
| 100 | @a20060104d2008 em y0chiy50 ea | |
| 101 | 0 | @achi |
| 102 | @aCN@b110000 | |
| 105 | @aa z 001yy | |
| 200 | 1 | @a人体形态学@9ren ti xing tai xue@f项涛,周瑞祥主编 |
| 205 | @a第2版 | |
| 210 | @a北京@c人民卫生出版社@d2008.04 | |
| 215 | @a17,398页@c图@d28cm | |
| 300 | @a全国高等医药教材建设研究会·卫生部规划教材 全国高等学校教材 供本科护理学类专业用 | |
| 330 | @a本书内容包括:人体构成、人体各局部的大体解剖学、人体主要器官的微细结构、人体胚胎学概要等。 | |
| 606 | 0 | @a人体形态学@x医学院校@j教材 |
| 690 | @aR32@v4 | |
| 701 | 0 | @a项涛@9xiang tao@4主编 |
| 701 | 0 | @a周瑞祥@9zhou rui xiang@f(1965~)@4主编 |
| 801 | 0 | @c20111229 |
| 905 | @aZUCC@dR32@eX287=2@f2 | |
| 人体形态学/项涛,周瑞祥主编.-第2版.-北京:人民卫生出版社,2008.04 |
| 17,398页:图;28cm |
| 全国高等医药教材建设研究会·卫生部规划教材 全国高等学校教材 供本科护理学类专业用 |
| ISBN 978-7-117-07809-2:CNY59.00 |
| 本书内容包括:人体构成、人体各局部的大体解剖学、人体主要器官的微细结构、人体胚胎学概要等。 |
| ● |
| 相关链接 |
|
|
|
正题名:人体形态学
索取号:R32/X287=2
 
预约/预借
| 序号 | 登录号 | 条形码 | 馆藏地/架位号 | 状态 | 备注 |
| 1 | 1183205 | 211832052 | 自科库401/401自科库 13排4列4层/ [索取号:R32/X287=2] | 在馆 | |
| 2 | 1183206 | 211832061 | 自科库401/401自科库 13排4列4层/ [索取号:R32/X287=2] | 在馆 |